常用漢字(画数ごとに1文字) - Statistics

General Stats
  • This quiz has been taken 597 times
    592 since last reset
  • The average score is 19 of 24
Answer Stats
画数 字数 ☑️ 漢字 % Correct
1 2 ☑️1 一乙
100%
2 12 ☑️2 丁七九了二人入八刀力十又
98%
3 31 ☑️3 万丈三上下与丸久乞亡凡刃千及口土士夕大女子寸小山川工己巾干弓才
98%
4 69 ☑️4 不中丹乏予互五井仁今介仏元公六内円冗凶分切刈勾匂化匹区升午厄友双反収天太夫孔少尺屯幻弔引心戸手支文斗斤方日月木欠止比毛氏水火爪父片牙牛犬王
97%
5 99 ☑️5 且世丘丙主丼仕他付仙代令以兄冊写冬処凸凹出刊功加包北半占去古句召可台叱史右号司囚四圧外央失奴尻尼左巧巨市布平幼庁広弁必打払斥旦旧未末本札正母民氷永氾汁犯玄玉瓦甘生用田由甲申白皮皿目矛矢石示礼穴立辺込𠮟
97%
12 211 ☑️12 偉傍傘備割創勝募勤博善喉喚喜喩喪喫営圏堅堕堤堪報場塀塁塔塚奥婿媒媛富寒尊尋就属嵐帽幅幾廃廊弾御復循悲惑惰愉慌扉掌提揚換握揮援揺搭敢散敬斑晩普景晴晶暁暑替最朝期棋棒棚棟森棺椅植椎検極欺款歯殖減渡渦温測港湖湧湯湾湿満滋無焦然焼煮猶琴番畳疎痘痛痢痩登着短硝硫硬程税童筆等筋筒答策粧紫結絞絡給統絵絶腕落葉葛葬蛮衆街裁裂装裕補覚訴診証詐詔評詞詠象貯貴買貸費貼貿賀超越距軸軽遂遅遇遊運遍過道達酢量鈍開閑間陽隅隊階随雄集雇雰雲項順須飯飲
93%
6 114 ☑️6 両争交仮仰仲件任企伎伏伐休会伝充兆先光全共再刑列劣匠印危叫各合吉同名后吏吐向吸回因団在地壮多好如妃妄字存宅宇守安寺尽州巡帆年式弐当忙成扱旨早旬曲有朱朴机朽次死毎気汎汗汚江池灯灰百竹米糸缶羊羽老考耳肉肌自至臼舌舟色芋芝虫血行衣西迅
93%
9 194 ☑️9 乗亭侯侵侶便係促俊俗保信冒冠則削前勃勅勇卑南単卸厘厚叙咲咽哀品型垣城変奏契姻姿威孤客宣室封専屋峠峡巻帝帥幽度建弧待律後怒思怠急怨恒恨悔括拭拶拷拾持指挑挟政故施星映春昧昨昭是昼枯架柄某染柔柱柳柵査柿栃栄段泉洋洗洞津洪活派浄浅海炭点為牲狩独狭珍甚界畏畑疫発皆皇盆相盾省眉看県砂研砕祖祝神秋科秒窃糾紀約紅級美耐肺胃胆背胎胞臭茨茶草荒荘虐虹衷要訂訃計貞負赴軌軍迷追退送逃逆郊郎重限面革音風飛食首香
93%
7 153 ☑️7 串乱亜伯伴伸伺似但位低住佐体何余作克児兵冶冷初判別利助努励労医即却卵君吟否含吹呂呈呉告困囲図坂均坊坑声壱売妊妖妙妥妨孝完対寿尾尿局岐希床序廷弄弟形役忌忍志忘応快我戒戻扶批技抄把抑投抗折抜択改攻更杉材村束条来求汰決汽沃沈沖沙没沢災状狂男町社秀私究系肖肘肝臣良芯花芳芸見角言谷豆貝赤走足身車辛迎近返那邦里阪防麦
92%
8 204 ☑️8 並乳事享京佳併使例侍供依価侮免具典到制刷券刹刺刻効劾卒卓協参叔取受周呪味呼命和固国坪垂夜奇奈奉奔妬妹妻姉始姓委季学宗官宙定宛宜宝実尚居屈届岡岩岬岳岸幸底店府延弥弦彼往征径忠念怖性怪房所承披抱抵抹押抽担拉拍拐拒拓拘拙招拝拠拡放斉旺昆昇明易昔服杯東松板析枕林枚果枝枠枢欧武歩殴毒河沸油治沼沿況泊泌法泡波泣泥注泳炉炊炎版牧物狙玩画的盲直知祈祉空突者股肢肥肩肪肯育舎芽苗苛若苦英茂茎虎表迫迭述邪邸采金長門阜阻附雨青非
92%
10 217 ☑️10 修俳俵俸俺倉個倍倒候借倣値倫倹党兼冥凄准凍剖剛剝剣剤勉匿原員哲哺唄唆唇唐埋夏姫娘娠娯孫宮宰害宴宵家容射将展峰島差師席帯帰座庫庭弱徐徒従恋恐恣恥恩恭息恵悟悦悩扇拳挙挨挫振挿捉捕捗捜敏料旅既時書朕朗栓校株核根格栽桁桃案桑桜桟梅殉殊残殺泰流浜浦浪浮浴浸消涙烈特珠班畔留畜畝疲疾病症益真眠砲破祥秘租秩称竜笑粉粋紋納純紙紛素紡索翁耕耗胴胸能脂脅脇脈脊致航般荷華蚊蚕衰袖被討訓託記財貢起軒辱透逐逓途通逝速造連郡酌配酎酒釜針降陛院陣除陥隻飢馬骨高鬼
90%
11 215 ☑️11 乾亀偏停健側偵偶偽副剰動勘務唯唱唾商問啓喝域執培基埼堀堂堆婆婚婦宿寂寄密尉崇崎崖崩巣帳常庶康庸張強彩彫得悠患悪悼情惜惧惨戚捨据捻掃授排掘掛採探接控推措掲描救敗教斎斜斬断旋族曹曽望梗梨械欲殻涯液涼淑淡淫深混添清渇済渉渋渓爽猛猟猫率現球理瓶産略異痕盗盛眺眼票祭移窒窓章笛符第粒粗粘粛累細紳紹紺終組経羞翌習脚脱脳舶舷船菊菌菓菜萎著虚蛇蛍術袋規視訟訪設許訳豚貧貨販貪貫責赦軟転逮週進逸部郭郵郷都酔釈野釣閉陪陰陳陵陶陸険隆雪頂頃魚鳥鹿麻黄黒
87%
13 172 ☑️13 傑催傲債傷傾僅働僧勢勧嗅嗣嘆園塊塑塗塞塡塩墓夢奨嫁嫉嫌寛寝幕幹廉彙微想愁意愚愛感慄慈慎慨戦損搬携搾摂数新暇暖暗棄業楷楼楽歳殿毀源準溝溶溺滅滑滝滞漠漢煎煙照煩献猿痴盟睡督睦碁禁禅禍福稚窟節絹継続罪置署群羨義聖腎腫腰腸腹腺艇蒸蓄蓋虜虞蜂裏裸裾褐解触詣試詩詮詰話該詳誇誉誠豊賂賃賄資賊跡路跳践較載辞農違遠遣酪酬鈴鉄鉛鉢鉱隔隙雅零雷電靴預頑頒頓飼飽飾鼓
87%
14 117 ☑️14 像僕僚塾境増墨奪嫡察寡寧層彰徳徴態慕慢慣憎摘旗暦暮概構様模歌歴滴漁漂漆漏演漫漬漸熊獄瑠璃疑瘍碑磁種稲穀端箇箋算管精維綱網綻綿総緑緒練罰聞腐膜蔑蜜製複誌認誓誘語誤説読豪貌踊辣遜遡適遭遮酵酷酸銀銃銅銘銭関閣閥際障隠雌雑需静領駄駅駆髪魂鳴鼻
83%
15 120 ☑️15 儀億劇勲嘱嘲器噴墜墳審寮導履幣弊影徹慮慰慶憂憤憧憬戯摩摯撃撤撮撲敵敷暫暴槽標権横歓潔潜潟潤潮潰澄熟熱畿監盤確稼稽稿穂窮窯箱箸範緊線締編緩縁縄罵罷膚膝舗舞蔵蔽衝褒誕誰課調談請論諸諾謁賓賛賜賞賠賦質趣踏踪輝輩輪遵遷選遺鋭鋳閲震霊餅養餌餓駐駒魅黙
81%
16 78 ☑️16 儒凝墾壁壇壊壌奮嬢憩憲憶憾懐擁操整曇樹橋機激濁濃燃獣獲磨積穏築篤糖緯緻縛縦縫繁膨膳興薄薦薪薫薬融衛衡親諦諧諭諮謀謡賢賭輸避還醒鋼錠錦錬錮錯録隣隷頭頰頼館骸麺
76%
29 1 ☑️29
72%
18 40 ☑️18 懲曜濫璧癒癖瞬礎穫簡糧織繕繭翻職臨藍藤藩襟覆観贈鎌鎖鎮闘離難韓題額顎顔顕類騎騒験
70%
20 11 ☑️20 懸欄競籍議譲護醸鐘響騰
60%
17 43 ☑️17 償優厳嚇懇戴擦擬曖濯燥爵犠環療瞭瞳矯礁縮績繊翼聴臆覧謄謎謙講謝謹購轄醜鍋鍛鍵闇霜頻鮮齢
56%
19 23 ☑️19 瀬爆璽簿繰羅臓艶藻覇識譜警蹴鏡霧韻願髄鯨鶏麓麗
55%
21 6 ☑️21 艦躍露顧魔鶴
39%
23 1 ☑️23
35%
22 3 ☑️22 籠襲驚
21%
No matching quizzes found
Score Distribution
Percent of People with Each Score
Percentile by Number Answered
Your Score History
You have not taken this quiz since the last reset